Ser grande es una decisión (Registro nro. 311241)
[ vista simple ]
| 000 -ENCABEZADO | |
|---|---|
| Número de control [NR] | 00801 a2200229 4500 |
| 005 - FECHA Y HORA DE LA ÚLTIMA TRANSACCIÓN | |
| control field | 20181204071245.0 |
| 008 - DE LONGITUD FIJA DE DATOS DE ELEMENTOS - INFORMACIÓN GENERAL | |
| Elementos de longitud fija [NR] | 181203s2018 ck ||||| |||| 00| 0 spa d |
| 020 ## - NUMERO INTERNACIONAL NORMALIZADO PARA LIBROS [R] | |
| Número Internacional Normalizado del libro [NR] | 9789585495050 |
| 040 ## - FUENTE DE CATALOGACION [NR] | |
| Agencia de catalogación original [NR] | CO-BoUCM |
| Idioma de catalogación [NR] | spa |
| Quien Cataloga | Saul Niño |
| Quien Clasifica | Saul Niño |
| 041 0# - CODIGO DE IDIOMA [R] | |
| Código de idioma para texto/pista de sonido o título separado [R] | Español |
| 100 10 - ASIENTO PRINCIPAL--NOMBRE PERSONAL [NR] | |
| Nombre personal [NR] | Correa, Rodolfo |
| ID Autoridad | 94742 |
| 245 ## - MENCION DE TITULO [NR] | |
| Título [NR] | Ser grande es una decisión |
| Mención de responsabilidad, etc. [NR] | Rodolfo Correa |
| 260 ## - PUBLICACION, DISTRIBUCION, ETC. (PIE DE IMPRENTA) [R] | |
| Lugar de publicación, distribución, etc. [R] | Medellín |
| Nombre del editor, distribuidor, etc. [R] | UNAULA |
| Fecha de publicación, distribución, etc. [R] | 2018 |
| 300 ## - DESCRIPCION FISICA [R] | |
| Extensión [R] | 213 páginas |
| 650 #7 - ASIENTO SECUNDARIO DE MATERIA - TERMINO TEMATICO [R] | |
| 9 (RLIN) | 14098 |
| Término temático o nombre geográfico como elemento de entrada [NR] | Emprendimiento empresarial |
| Subdivisión general [R] | Educación |
| Subdivisión de forma [R] | Estudio de casos |
| 650 #7 - ASIENTO SECUNDARIO DE MATERIA - TERMINO TEMATICO [R] | |
| 9 (RLIN) | 14096 |
| Término temático o nombre geográfico como elemento de entrada [NR] | Emprendedores |
| Subdivisión general [R] | Educación |
| 650 #0 - ASIENTO SECUNDARIO DE MATERIA - TERMINO TEMATICO [R] | |
| 9 (RLIN) | 27830 |
| Término temático o nombre geográfico como elemento de entrada [NR] | Creación de empresas |
| Subdivisión geográfica [R] | Colombia |
| 650 #0 - ASIENTO SECUNDARIO DE MATERIA - TERMINO TEMATICO [R] | |
| 9 (RLIN) | 46336 |
| Término temático o nombre geográfico como elemento de entrada [NR] | Pequeñas y medianas empresas |
| 650 #7 - ASIENTO SECUNDARIO DE MATERIA - TERMINO TEMATICO [R] | |
| 9 (RLIN) | 17714 |
| Término temático o nombre geográfico como elemento de entrada [NR] | Innovaciones educativas |
| 942 ## - ELEMENTOS DE ENTRADA AGREGADOS (KOHA) | |
| Tipo de ítem principal el descrito en 300a | Libro |
| Sistema de clasificación | DEWEY |
| Tema principal | Educación |
| Edición | 1 |
| Clasificación | 658.4063 |
| Parte restante de la signatura top. | C824s |
| Signatura topográfica | Código de barras | Última vez visto | Ejemplar | Costo de reposición | Price effective from | Tipo de ítem | Perdido | Sistema de clasificación | Dañado | No prestable | Tipo de ítem específico | Suprimido | Ubicación habitual | Ubicación actual | Localización | Fecha de creación | Proveedor | Forma de adquisición | Costo |
|---|---|---|---|---|---|---|---|---|---|---|---|---|---|---|---|---|---|---|---|
| 658.4063 C824s | 100158477 | 16/01/2026 | Ej.1 | 26000.00 | 29/11/2018 | Libro | DEWEY | Libro | Bodega | Bodega | 5to piso | 29/11/2018 | 12 | Donación | 0.00 |